|
|
|
|
| LEADER |
00916Cam#a2200277#a#4500 |
| 001 |
021495 |
| 005 |
20160721155830.0 |
| 008 |
100315s2009||||ag # f#b #000|0#spa#d |
| 020 |
|
|
|a 9789871544370
|
| 040 |
|
|
|a AR-BeUNQ
|
| 082 |
0 |
4 |
|a 155.4
|2 21
|
| 100 |
1 |
|
|a Miller, Alice
|
| 245 |
0 |
3 |
|a El drama del niño dotado y la búsqueda del verdadero yo /
|c Alice Miller ; traducción de Juan José del Solar.
|
| 250 |
|
|
|a Ed. ampliada y rev.
|
| 260 |
|
|
|a Buenos Aires :
|b Tuquets,
|c 2009.
|
| 300 |
|
|
|a 176 p. ;
|c 19 cm.
|
| 490 |
1 |
|
|a Fábula ;
|
| 504 |
|
|
|a Incluye referencias bibliográficas.
|
| 650 |
|
7 |
|a Psicología
|2 spines
|
| 650 |
|
7 |
|a Psiquiatría
|2 spines
|
| 650 |
|
7 |
|a Niños
|2 spines
|
| 700 |
1 |
|
|a Del Solar, Juan José
|e tr
|4 trl
|
| 830 |
|
0 |
|a Fábula (Tusquets).
|n v. 289
|
| 929 |
|
|
|a DONACION
|b Diego Golombek
|d 0,00
|e 20100215
|f PAT0033096
|g 1461 Exp. 827-0387/98
|j 44601
|
| 942 |
|
|
|c LIB
|n 0
|
| 999 |
|
|
|c 20917
|d 96304
|